<?xml version="1.0" encoding="UTF-8"?>
<record
    xmlns:xsi="http://www.w3.org/2001/XMLSchema-instance"
    xsi:schemaLocation="http://www.loc.gov/MARC21/slim http://www.loc.gov/standards/marcxml/schema/MARC21slim.xsd"
    xmlns="http://www.loc.gov/MARC21/slim">

  <leader>01201na  a2200301   4500</leader>
  <controlfield tag="001">14805</controlfield>
  <controlfield tag="003">MIRAKIL</controlfield>
  <controlfield tag="005">20181213154845.0</controlfield>
  <controlfield tag="008">161107b        tu            000 0      </controlfield>
  <datafield tag="035" ind1=" " ind2=" ">
    <subfield code="a">14805</subfield>
  </datafield>
  <datafield tag="040" ind1=" " ind2=" ">
    <subfield code="a">Milas</subfield>
    <subfield code="b">tur</subfield>
    <subfield code="c">TR-AnCHP</subfield>
  </datafield>
  <datafield tag="041" ind1=" " ind2=" ">
    <subfield code="a">tur</subfield>
  </datafield>
  <datafield tag="082" ind1=" " ind2=" ">
    <subfield code="a">CHP 328.37</subfield>
    <subfield code="b">C36t 2014</subfield>
  </datafield>
  <datafield tag="090" ind1=" " ind2=" ">
    <subfield code="a"> CHP 328.37 C36t 2014</subfield>
  </datafield>
  <datafield tag="110" ind1=" " ind2=" ">
    <subfield code="a">Cumhuriyet Halk Partisi (CHP)</subfield>
    <subfield code="b">&#x130;nsan Haklar&#x131; Genel Ba&#x15F;kan Yard&#x131;mc&#x131;l&#x131;&#x11F;&#x131;</subfield>
  </datafield>
  <datafield tag="245" ind1=" " ind2=" ">
    <subfield code="a">Toplumsal bar&#x131;&#x15F; ve demokrasi i&#xE7;in T&#xFC;rkiye B&#xFC;y&#xFC;k Millet Meclisi i&#xE7; t&#xFC;z&#xFC;&#x11F;&#xFC;nde ve baz&#x131; kanunlarda de&#x11F;i&#x15F;iklik yap&#x131;lmas&#x131; hakk&#x131;nda kanun teklifi</subfield>
    <subfield code="c">CHP &#x130;nsan Haklar&#x131; Genel Ba&#x15F;kan Yard&#x131;mc&#x131;l&#x131;&#x11F;&#x131;</subfield>
  </datafield>
  <datafield tag="246" ind1=" " ind2=" ">
    <subfield code="a">Toplumsal bar&#x131;&#x15F; ve demokrasi i&#xE7;in kanun teklifi</subfield>
  </datafield>
  <datafield tag="260" ind1=" " ind2=" ">
    <subfield code="a">Ankara</subfield>
    <subfield code="b">CHP &#x130;nsan Haklar&#x131; Genel Ba&#x15F;kan Yard&#x131;mc&#x131;l&#x131;&#x11F;&#x131;</subfield>
    <subfield code="c">2014</subfield>
  </datafield>
  <datafield tag="300" ind1=" " ind2=" ">
    <subfield code="a">33 s.</subfield>
    <subfield code="c">30 sm.</subfield>
  </datafield>
  <datafield tag="490" ind1=" " ind2=" ">
    <subfield code="a">Cumhuriyet Halk Partisi yay&#x131;nlar&#x131;</subfield>
  </datafield>
  <datafield tag="500" ind1=" " ind2=" ">
    <subfield code="a">CHP: T&#xFC;rkiye'nin birle&#x15F;tirici g&#xFC;c&#xFC;</subfield>
  </datafield>
  <datafield tag="610" ind1=" " ind2=" ">
    <subfield code="a">CHP</subfield>
    <subfield code="x">Demokrasi</subfield>
    <subfield code="y">Yasa tasar&#x131;lar&#x131;</subfield>
  </datafield>
  <datafield tag="610" ind1=" " ind2=" ">
    <subfield code="a">CHP</subfield>
    <subfield code="x">Bar&#x131;&#x15F;</subfield>
    <subfield code="y">Yasa tasar&#x131;lar&#x131;</subfield>
  </datafield>
  <datafield tag="610" ind1=" " ind2=" ">
    <subfield code="a">CHP</subfield>
    <subfield code="x">TBMM &#x130;&#xE7;t&#xFC;z&#xFC;k</subfield>
    <subfield code="y">Yasa tasar&#x131;lar&#x131;</subfield>
  </datafield>
  <datafield tag="740" ind1=" " ind2=" ">
    <subfield code="a">CHP: T&#xFC;rkiye'nin birle&#x15F;tirici g&#xFC;c&#xFC;</subfield>
  </datafield>
  <datafield tag="830" ind1=" " ind2=" ">
    <subfield code="a">CHP yay&#x131;nlar&#x131;</subfield>
  </datafield>
  <datafield tag="942" ind1=" " ind2=" ">
    <subfield code="2">dcc</subfield>
    <subfield code="c">BKS</subfield>
  </datafield>
  <datafield tag="952" ind1=" " ind2=" ">
    <subfield code="a">0001</subfield>
    <subfield code="b">0001</subfield>
    <subfield code="d">2016-09-01</subfield>
    <subfield code="e">2</subfield>
    <subfield code="l">0</subfield>
    <subfield code="o"> CHP 328.37 C36t 2014</subfield>
    <subfield code="p">003151</subfield>
    <subfield code="r">2016-09-01 00:00:00</subfield>
    <subfield code="v">0.00</subfield>
    <subfield code="w">2016-09-01</subfield>
    <subfield code="y">BKS</subfield>
  </datafield>
  <datafield tag="952" ind1=" " ind2=" ">
    <subfield code="a">0001</subfield>
    <subfield code="b">0001</subfield>
    <subfield code="d">2016-11-07</subfield>
    <subfield code="e">2</subfield>
    <subfield code="l">0</subfield>
    <subfield code="o"> CHP 328.37 C36t 2014</subfield>
    <subfield code="p">009200</subfield>
    <subfield code="r">2016-11-07 00:00:00</subfield>
    <subfield code="t">k.2</subfield>
    <subfield code="v">0.00</subfield>
    <subfield code="w">2016-11-07</subfield>
    <subfield code="y">BKS</subfield>
  </datafield>
  <datafield tag="952" ind1=" " ind2=" ">
    <subfield code="a">0001</subfield>
    <subfield code="b">0001</subfield>
    <subfield code="d">2016-11-07</subfield>
    <subfield code="e">2</subfield>
    <subfield code="l">0</subfield>
    <subfield code="o"> CHP 328.37 C36t 2014</subfield>
    <subfield code="p">009201</subfield>
    <subfield code="r">2016-11-07 00:00:00</subfield>
    <subfield code="t">k.3</subfield>
    <subfield code="v">0.00</subfield>
    <subfield code="w">2016-11-07</subfield>
    <subfield code="y">BKS</subfield>
  </datafield>
  <datafield tag="952" ind1=" " ind2=" ">
    <subfield code="a">0001</subfield>
    <subfield code="b">0001</subfield>
    <subfield code="d">2016-11-10</subfield>
    <subfield code="e">2</subfield>
    <subfield code="l">0</subfield>
    <subfield code="o"> CHP 328.37 C36t 2014</subfield>
    <subfield code="p">009330</subfield>
    <subfield code="r">2016-11-10 00:00:00</subfield>
    <subfield code="t">k.4</subfield>
    <subfield code="v">0.00</subfield>
    <subfield code="w">2016-11-10</subfield>
    <subfield code="y">BKS</subfield>
  </datafield>
  <datafield tag="952" ind1=" " ind2=" ">
    <subfield code="a">0001</subfield>
    <subfield code="b">0001</subfield>
    <subfield code="d">2016-11-10</subfield>
    <subfield code="e">2</subfield>
    <subfield code="l">0</subfield>
    <subfield code="o"> CHP 328.37 C36t 2014</subfield>
    <subfield code="p">009338</subfield>
    <subfield code="r">2016-11-10 00:00:00</subfield>
    <subfield code="t">k.5</subfield>
    <subfield code="v">0.00</subfield>
    <subfield code="w">2016-11-10</subfield>
    <subfield code="y">BKS</subfield>
  </datafield>
  <datafield tag="999" ind1=" " ind2=" ">
    <subfield code="c">2096</subfield>
    <subfield code="d">2096</subfield>
  </datafield>
</record>
